| 000 | 00985nam0a22002411i 4500 | ||
|---|---|---|---|
| 001 | rc\868147 | ||
| 005 | 20240723115353.0 | ||
| 035 | _a(NLR Aleph) 006046946 | ||
| 090 |
_a4764148 _c4764148 |
||
| 100 | _a20041129d1984 u |0rusy50 ca | ||
| 101 | 0 | _arus | |
| 102 | _aRU | ||
| 105 | _ay ||||||||| | ||
| 200 | 1 |
_aПериодизация эпохи палеолита Южного Казахстана _e(По материалам стоянки им. Ч. Валиханова) _eАвтореф. дис. на соиск. учен. степ. к. ист. н. |
|
| 210 |
_aНовосибирск _d1984 |
||
| 215 | _a16 с. | ||
| 300 | _aВ надзаг.: АН СССР, Сиб. отд-ние, Ин-т истории филологии и философии | ||
| 320 | _aБиблиогр.: с. 15-16 | ||
| 700 | 1 |
_aТаймагамбетов _bЖ.К. _gЖакен Кожахметович |
|
| 801 | 0 |
_aRU _bNLR _gpsbo |
|
| 801 | 1 |
_aRU _bELAR _2rusmarc |
|
| 852 |
_aNLR _j85-4/32551 |
||
| 942 | _cBOOK | ||